Najmniejsze państwa Europy - Statystyki

Ogólne statystyki
  • Ten quiz został rozwiązany 105 razy
  • Średni wynik to 8 z 10
Statystyki odpowiedzi
km2 Odpowiedź % Poprawnych
0,44 Watykan
96%
61,6 San Marino
89%
160 Liechtenstein
86%
1,95 Monako
85%
2586 Luksemburg
79%
468 Andora
78%
316 Malta
72%
13 812 Czarnogóra
60%
25 713 Macedonia Pólnocna
58%
20 273 Słowenia
50%
Nie znaleziono quizów pasujących do podanych kryteriów
Rozkład punktacji
Procent ludzi z każdym wynikiem
Percentyl według liczby udzielonych odpowiedzi
Twoja historia wyników
Nie rozwiązałeś tego quizu